| 000 | 00599nam a2200217Ia 4500 | ||
|---|---|---|---|
| 003 | OSt | ||
| 005 | 20230331142705.0 | ||
| 008 | 210423s2017 xx 000 0 und d | ||
| 020 | _a978-81-219-0859-7 | ||
| 040 | _cAL | ||
| 041 | _aeng | ||
| 082 |
_a574.5 _223 _bVERE |
||
| 100 |
_aVERMA (P S);AGARWAL (V K) _980924 |
||
| 245 | _aEnvironmental biology: principles of ecology | ||
| 260 |
_aNew Delhi _bS Chand & Company Ltd _c2017 |
||
| 300 |
_aviii,591 _bPB |
||
| 365 |
_b295 _cINR |
||
| 650 |
_aEcology _980925 |
||
| 906 | _abiology: ; ecology ; Environmental ; principles | ||
| 942 |
_2ddc _cBK |
||
| 999 |
_c168934 _d168934 |
||